Statistiques concernant medoc

Cliquez ici pour prendre le quiz!

Statistiques générales

  • Ce quiz a été pris 9 fois
  • Le résultat moyen est 8 sur 71

Statistiques - réponses

ThérapeutiqueMédicament/Molécule% Correct
Antalgique et antipyrétiqueDoliprane (Paracétamol)
100%
Inhibe les cyclo-oxygénases (COX)Ibuprofène et Aspirine
71%
Traitement du diabèteInsuline
57%
Traitement de l'asthme, utilisé pour les menaSalbutamol (Ventoline)
57%
xAspirine
43%
Antidiabétique oralMetformine
43%
AntalgiqueMorphine
43%
xMorphine
43%
xParacétamol
43%
Anxiolytiques et myorelaxantBenzodiazépine
29%
DiurétiqueFurosémide
29%
Anesthésique localLidocaïne
29%
Traitement de l'ulcère gastriqueOméprazole
29%
Traitement du cancer du seinTrastuzumab
29%
HypnotiqueZolpidem
29%
xAmiodarone
14%
Inhibiteur de l'OCT2Dolutegravir
14%
Traitement de ParkinsonDopamine
14%
ContraceptifsHormones sexuelles
14%
Traitement de l'hypothyroïdieHormones thyroïdiennes
14%
TachycardisantIsoproterenol
14%
Grossesse extra utérineMéthotrexate
14%
xThalidomide
14%
AntidépresseurVenlafaxine
14%
Anti-acnéVitamine A
14%
Traitement de l'ostéoporose et du rachitismeVitamine D
14%
Traitement parkinsonAgoniste dopaminergique
0%
AntibiotiqueAmikacine
0%
xAminosides
0%
Traitement du VIHAnalogues nucléosidiques
0%
Inhibiteur de l'UGT1A1Atazanavir
0%
Sevrage alcooliqueBaclofène
0%
xBactrim
0%
AntiépileptiqueBarbiturique
0%
xBenfluorex
0%
Inhibiteur des OATBenzylpénicilline
0%
Freine les différentes activités après un IDMBeta-Bloquants cardioséléctifs
0%
Si vise les B-2 entraine une bronchoconstrictionBeta-Bloquants non cardio-séléctifs
0%
xCérivastatine
0%
xCisplatine
0%
PsychostimulantsCocaïne et amphétamines
0%
Anti-inflammatoiresCorticostéroïdes
0%
xDiazépam
0%
xDigoxine
0%
Traitemetn de l'insuffasance cardiaqueDigoxine
0%
xDistilibène
0%
AntihypertenseurEnalapril
0%
AnitcoagulantsFluindione
0%
AntidépresseurFluoxetine
0%
xFosamprénavir
0%
Traitement du VHCGlecaprevir
0%
xHalopéridol
0%
Traitement du VIHKaletra
0%
Traitement du VIHKaletra
0%
Antiprotéase du VIHLopinavir
0%
xMibéfradil
0%
Traitement d'état dépressif léger ou des troubles de l'humeurMillepertuis
0%
AntihypertenseurIIIIIIIIIIIIIIIMinoxidil
0%
xNévirapine
0%
Traitement des mélanomes avancésNivolumab
0%
Traitement de la ménopauseOestroprogestatifs THS
0%
AntalgiquesOpiacés
0%
StatinePravastatine
0%
xPronéthalol
0%
xPropanolol
0%
xQuinolones
0%
AntirétroviralRilpivirine
0%
xSimvastatine
0%
xTénofovir Alafenamide (TAF)
0%
BradychardisantTimolol
0%
AntiépileptiqueValproate de sodium
0%

Distribution des résultats

Percentile par nombre de réponses

% des personnes avec chaque résultat

Votre développement - résultats

Vous n’avez pas pris ce quiz